[Event "2. BUNDESLIGA MITTE 2018/2019"]
[Site "Grieskirchen, Friedberg/Sauwald, St. Veit, Deutschlandsberg"]
[Date "2018.11.24"]
[Round "4"]
[Board "3"]
[White "Enoeckl, Philipp"]
[Black "Hajnal, Zoltan"]
[Result "1-0"]
[WhiteElo "2291"]
[BlackElo "2402"]
[PlyCount "111"]
[EventDate "2018.10.19"]
[EventType "team"]
[EventRounds "11"]
[EventCountry "AUT"]
[WhiteTeam "SV Steyregg"]
[BlackTeam "ASK St.Valentin"]

1. d4 d5 2. c4 c6 3. cxd5 cxd5 4. Bg5 h6 5. Bh4 Qb6 6. Nc3 e6 7. Qd2 Nc6 8. e3
Nf6 9. Bxf6 gxf6 10. Nf3 Bd7 11. Bd3 Bd6 12. O-O O-O-O 13. Rfc1 Kb8 14. Na4 Qb4
15. Nc5 Qxd2 16. Nxd2 Be8 17. Be2 Rc8 18. Rab1 b6 19. b4 Be7 20. Na6+ Kb7 21.
b5 Na5 22. Rxc8 Kxc8 23. Rc1+ Kd8 24. Rc7 Bd6 25. Rxa7 Rf8 26. e4 Bd7 27. exd5
exd5 28. Nf1 Nc4 29. Ne3 Nxe3 30. fxe3 f5 31. Rb7 Ke7 32. Bf3 Rc8 33. Bxd5 Rc1+
34. Kf2 Kd8 35. Rxb6 Bxh2 36. Nc5 Be8 37. a4 Rc2+ 38. Ke1 f4 39. Rxh6 Bg3+ 40.
Kd1 Rf2 41. Nd3 Rf1+ 42. Ke2 Ra1 43. Kf3 Rf1+ 44. Ke2 Ra1 45. Nxf4 Bxf4 46.
exf4 Rxa4 47. Bc6 Bxc6 48. Rxc6 Rxd4 49. Ke3 Rb4 50. Rc5 Kd7 51. g4 Kd6 52. Rf5
Ke6 53. Re5+ Kd6 54. g5 Kd7 55. Rf5 Ke7 56. Kd3  1-0

[Event "2. BUNDESLIGA MITTE 2018/2019"]
[Site "Grieskirchen, Friedberg/Sauwald, St. Veit, Deutschlandsberg"]
[Date "2018.11.24"]
[Round "4"]
[Board "4"]
[White "Heimberger, Reinhard"]
[Black "Meyer, Gordon"]
[Result "0-1"]
[WhiteElo "2235"]
[BlackElo "2206"]
[PlyCount "82"]
[EventDate "2018.10.19"]
[EventType "team"]
[EventRounds "11"]
[EventCountry "AUT"]
[WhiteTeam "ASK St.Valentin"]
[BlackTeam "SV Steyregg"]

1. d4 Nf6 2. g3 c5 3. dxc5 e6 4. Bg2 Bxc5 5. Nf3 d5 6. O-O O-O 7. c4 Qe7 8.
cxd5 Rd8 9. Nc3 Nxd5 10. Nxd5 exd5 11. Nd4 Nc6 12. Be3 Nxd4 13. Bxd4 Bxd4 14.
Qxd4 Qxe2 15. Rfe1 Qa6 16. Rac1 Be6 17. Rc7 Rac8 18. Re7 Qc4 19. Qxc4 dxc4 20.
Bxb7 Rb8 21. Rc7 Kf8 22. Rc1 Rd2 23. Ba6 Rbxb2 24. Bxc4 Bxc4 25. R1xc4 g5 26.
h4 Rxf2 27. hxg5 Rfd2 28. Rc1 Rxa2 29. R7c3 Kg7 30. Rf3 a5 31. Kf1 Rab2 32. Kg1
Rd5 33. Rcf1 Rb7 34. Rf5 Rxf5 35. Rxf5 Ra7 36. Kg2 a4 37. Kh3 a3 38. Rf1 a2 39.
Ra1 Kg6 40. Kh4 Ra4+ 41. g4 Ra3  0-1

[Event "2. BUNDESLIGA MITTE 2018/2019"]
[Site "Grieskirchen, Friedberg/Sauwald, St. Veit, Deutschlandsberg"]
[Date "2018.11.24"]
[Round "4"]
[Board "5"]
[White "Wiesinger, Robert"]
[Black "Casagrande, Harald"]
[Result "1-0"]
[WhiteElo "2233"]
[BlackElo "2302"]
[PlyCount "79"]
[EventDate "2018.10.19"]
[EventType "team"]
[EventRounds "11"]
[EventCountry "AUT"]
[WhiteTeam "SV Steyregg"]
[BlackTeam "ASK St.Valentin"]

1. e4 c6 2. d4 d5 3. Nd2 dxe4 4. Nxe4 Nd7 5. Ng5 Ngf6 6. Bd3 e6 7. N1f3 h6 8.
Nxe6 Bb4+ 9. c3 Qe7 10. O-O fxe6 11. Bg6+ Kd8 12. cxb4 Qxb4 13. Re1 Qd6 14. Bd2
Nd5 15. Qe2 Kc7 16. Rac1 Rf8 17. a3 Rf6 18. Bb1 N7b6 19. Be3 Bd7 20. Nd2 Qe7
21. Ne4 Rf7 22. Bd2 Raf8 23. Ba2 g5 24. Bb3 Kb8 25. a4 Nf4 26. Qf1 Nbd5 27. g3
Nh5 28. Qe2 Nhf6 29. Nc5 Bc8 30. Nd3 Qc7 31. Ne5 Rg7 32. Bc4 Nd7 33. Nd3 Nf4
34. Nxf4 gxf4 35. Bxe6 f3 36. Qd3 Rf6 37. d5 Qd6 38. Bc3 Nc5 39. Qe3 Rxe6 40.
dxe6  1-0

[Event "2. BUNDESLIGA MITTE 2018/2019"]
[Site "Grieskirchen, Friedberg/Sauwald, St. Veit, Deutschlandsberg"]
[Date "2018.11.24"]
[Round "4"]
[Board "6"]
[White "Tober, Gerhard"]
[Black "Stolz, Julius"]
[Result "1/2-1/2"]
[WhiteElo "2203"]
[BlackElo "1989"]
[PlyCount "56"]
[EventDate "2018.10.19"]
[EventType "team"]
[EventRounds "11"]
[EventCountry "AUT"]
[WhiteTeam "ASK St.Valentin"]
[BlackTeam "SV Steyregg"]

1. e4 e5 2. Nf3 Nc6 3. d4 exd4 4. Nxd4 Bc5 5. Be3 Qf6 6. c3 Nge7 7. Bc4 Ne5 8.
Be2 Qg6 9. O-O d6 10. f3 O-O 11. Kh1 d5 12. Nd2 dxe4 13. Nxe4 Bb6 14. Nc2 Bf5
15. Bxb6 axb6 16. Qd4 N7c6 17. Qe3 Rfe8 18. Qf4 Rad8 19. Rad1 Bxe4 20. fxe4 Qe6
21. b3 Qe7 22. Nd4 Qc5 23. Nxc6 bxc6 24. Bc4 Qe7 25. Be2 Qc5 26. Bc4 Qe7 27.
Be2 Qc5 28. Bc4 Qe7  1/2-1/2

[Event "2. BUNDESLIGA MITTE 2018/2019"]
[Site "Grieskirchen, Friedberg/Sauwald, St. Veit, Deutschlandsberg"]
[Date "2018.11.24"]
[Round "4"]
[Board "1"]
[White "Horvath, Adam"]
[Black "Perunovic, Milos"]
[Result "1-0"]
[WhiteElo "2520"]
[BlackElo "2600"]
[PlyCount "59"]
[EventDate "2018.10.19"]
[EventType "team"]
[EventRounds "11"]
[EventCountry "AUT"]
[WhiteTeam "EJ Gleisdorf"]
[BlackTeam "SC Pinggau-Friedberg"]

1. e4 c5 2. Nf3 e6 3. d4 cxd4 4. Nxd4 Nf6 5. Nc3 d6 6. g4 h6 7. Rg1 Be7 8. Be3
Nc6 9. Qd2 Nxd4 10. Qxd4 a6 11. h4 Nh7 12. Qxg7 Bf6 13. Qxh6 Ng5 14. hxg5 Rxh6
15. gxh6 Qa5 16. Bd2 Qc5 17. g5 Bd4 18. O-O-O Bd7 19. g6 fxg6 20. Rxg6 O-O-O
21. Rg5 Qb6 22. Bh3 Bxf2 23. h7 Bd4 24. Rg8 Qc5 25. Bg5 Qxg5+ 26. Rxg5 Be3+ 27.
Kb1 Bxg5 28. Rxd6 Kc7 29. e5 Be7 30. Nd5+  1-0

[Event "2. BUNDESLIGA MITTE 2018/2019"]
[Site "Grieskirchen, Friedberg/Sauwald, St. Veit, Deutschlandsberg"]
[Date "2018.11.24"]
[Round "4"]
[Board "2"]
[White "Ftacnik, Lubomir"]
[Black "Frosch, Ronald"]
[Result "1-0"]
[WhiteElo "2513"]
[BlackElo "2284"]
[PlyCount "56"]
[EventDate "2018.10.19"]
[EventType "team"]
[EventRounds "11"]
[EventCountry "AUT"]
[WhiteTeam "SC Pinggau-Friedberg"]
[BlackTeam "EJ Gleisdorf"]

1. Nf3 Nf6 2. c4 e6 3. g3 d5 4. d4 Be7 5. Bg2 O-O 6. O-O dxc4 7. Qc2 a6 8. a4
Bd7 9. Qxc4 Bc6 10. Bf4 a5 11. Nc3 Na6 12. Rfe1 Nb4 13. Rac1 Nfd5 14. e4 Nb6
15. Qe2 g5 16. Bd2 Nxa4 17. d5 Be8 18. dxe6 Nxb2 19. Nd5 N2d3 20. Nxg5 f6 21.
Bxb4 Nxc1 22. Qg4 h5 23. Qf5 fxg5 24. Nxe7+ Qxe7 25. Bxe7 Rxf5 26. exf5 Nd3 27.
Re3 Nb2 28. f6 Nc4  1-0

[Event "2. BUNDESLIGA MITTE 2018/2019"]
[Site "Grieskirchen, Friedberg/Sauwald, St. Veit, Deutschlandsberg"]
[Date "2018.11.24"]
[Round "4"]
[Board "3"]
[White "Wanderer, Thomas"]
[Black "Milanovic, Danilo"]
[Result "0-1"]
[WhiteElo "2225"]
[BlackElo "2493"]
[PlyCount "72"]
[EventDate "2018.10.19"]
[EventType "team"]
[EventRounds "11"]
[EventCountry "AUT"]
[WhiteTeam "EJ Gleisdorf"]
[BlackTeam "SC Pinggau-Friedberg"]

1. Nf3 Nf6 2. c4 d6 3. g3 Bf5 4. Bg2 Qc8 5. O-O Bh3 6. d4 Bxg2 7. Kxg2 c5 8. b3
cxd4 9. Nxd4 e6 10. Ba3 a6 11. Qd3 Be7 12. e4 Nbd7 13. Nc3 O-O 14. Rfd1 Rd8 15.
Rac1 Qc7 16. Rd2 Rac8 17. Qe2 Bf8 18. Bb2 Re8 19. f3 Qb8 20. Qd1 g6 21. Nc2 b5
22. Ne3 Bh6 23. f4 b4 24. Rxd6 bxc3 25. Bxc3 Qb7 26. Qd4 Bg7 27. Ng4 e5 28.
fxe5 Nxg4 29. Rxd7 Rc7 30. Rd8 Rce7 31. Re1 Bxe5 32. Qd5 Qb6 33. Rxe8+ Rxe8 34.
c5 Qf6 35. Bxe5 Qf2+ 36. Kh3 h5  0-1

[Event "2. BUNDESLIGA MITTE 2018/2019"]
[Site "Grieskirchen, Friedberg/Sauwald, St. Veit, Deutschlandsberg"]
[Date "2018.11.24"]
[Round "4"]
[Board "4"]
[White "Schnider, Gert"]
[Black "Frosch, Erich"]
[Result "1-0"]
[WhiteElo "2424"]
[BlackElo "2205"]
[PlyCount "75"]
[EventDate "2018.10.19"]
[EventType "team"]
[EventRounds "11"]
[EventCountry "AUT"]
[WhiteTeam "SC Pinggau-Friedberg"]
[BlackTeam "EJ Gleisdorf"]

1. e4 e5 2. Nf3 Nc6 3. Bc4 Be7 4. d4 exd4 5. Nxd4 Nf6 6. Nc3 O-O 7. O-O Ne5 8.
Bb3 Ng6 9. Nf5 Bb4 10. Qd4 Bxc3 11. Qxc3 d5 12. Bg5 Bxf5 13. exf5 d4 14. Qg3
Nh8 15. Rfe1 c5 16. Qh4 Qb6 17. Bxf6 Qxf6 18. Qxf6 gxf6 19. Re7 b5 20. Bd5 Rae8
21. Rae1 Rxe7 22. Rxe7 Rd8 23. Be4 a6 24. Kf1 c4 25. Ke2 Kg7 26. h4 h6 27. Ra7
Rd6 28. h5 Kh7 29. f3 Kg7 30. Ra8 Kh7 31. Bb7 c3 32. b3 d3+ 33. cxd3 b4 34.
Rxa6 Rd7 35. Be4 Rc7 36. Kd1 Kg7 37. Kc2 Rd7 38. Ra4  1-0

[Event "2. BUNDESLIGA MITTE 2018/2019"]
[Site "Grieskirchen, Friedberg/Sauwald, St. Veit, Deutschlandsberg"]
[Date "2018.11.24"]
[Round "4"]
[Board "5"]
[White "Wegerer, Fred"]
[Black "Mahdy, Khaled"]
[Result "1-0"]
[WhiteElo "2182"]
[BlackElo "2382"]
[PlyCount "71"]
[EventDate "2018.10.19"]
[EventType "team"]
[EventRounds "11"]
[EventCountry "AUT"]
[WhiteTeam "EJ Gleisdorf"]
[BlackTeam "SC Pinggau-Friedberg"]

1. Nf3 Nf6 2. b3 g6 3. Bb2 Bg7 4. e4 d6 5. Qc1 O-O 6. Nc3 Bg4 7. Be2 Nc6 8. d3
e5 9. h3 Bc8 10. O-O Nh5 11. Nd5 Ne7 12. Nxe7+ Qxe7 13. Re1 Nf4 14. Bf1 Ne6 15.
c3 f6 16. d4 Kh8 17. Qd2 Bd7 18. Rad1 Rae8 19. Kh2 Bc8 20. b4 Ng5 21. Nxg5 fxg5
22. f3 g4 23. fxg4 Bxg4 24. hxg4 Qh4+ 25. Kg1 Bh6 26. Re3 Bf4 27. Rh3 Qxg4 28.
Qd3 Rf7 29. Be2 Qg5 30. c4 Ref8 31. dxe5 dxe5 32. Bc3 Qe7 33. Rf3 h5 34. c5 h4
35. Qd5 c6 36. Qc4 {restliche ZÃ¼ge nicht eruierbar}  1-0

[Event "2. BUNDESLIGA MITTE 2018/2019"]
[Site "Grieskirchen, Friedberg/Sauwald, St. Veit, Deutschlandsberg"]
[Date "2018.11.24"]
[Round "4"]
[Board "1"]
[White "Gajek, Radoslaw"]
[Black "Korpa, Bence"]
[Result "1/2-1/2"]
[WhiteElo "2446"]
[BlackElo "2503"]
[PlyCount "43"]
[EventDate "2018.10.19"]
[EventType "team"]
[EventRounds "11"]
[EventCountry "AUT"]
[WhiteTeam "Schachfreunde Graz"]
[BlackTeam "SPG Fuerstenfeld/Hartberg"]

1. c4 c5 2. Nf3 Nf6 3. Nc3 d5 4. cxd5 Nxd5 5. e4 Nxc3 6. bxc3 e6 7. d4 cxd4 8.
cxd4 Bb4+ 9. Bd2 Bxd2+ 10. Qxd2 O-O 11. Bc4 b6 12. O-O Bb7 13. Rfe1 Nd7 14. a4
Rc8 15. Bd3 a5 16. Rab1 Qe7 17. Bb5 Nf6 18. Bd3 Nd7 19. Bb5 Nf6 20. Bd3 Nd7 21.
Bb5 Nf6 22. Bd3  1/2-1/2

[Event "2. BUNDESLIGA MITTE 2018/2019"]
[Site "Grieskirchen, Friedberg/Sauwald, St. Veit, Deutschlandsberg"]
[Date "2018.11.24"]
[Round "4"]
[Board "2"]
[White "Freitag, Manfred"]
[Black "Huber, Martin Christian"]
[Result "1/2-1/2"]
[WhiteElo "2357"]
[BlackElo "2325"]
[PlyCount "60"]
[EventDate "2018.10.19"]
[EventType "team"]
[EventRounds "11"]
[EventCountry "AUT"]
[WhiteTeam "SPG Fuerstenfeld/Hartberg"]
[BlackTeam "Schachfreunde Graz"]

1. d4 Nf6 2. c4 g6 3. Nf3 Bg7 4. Nc3 O-O 5. e4 d6 6. Be2 Na6 7. O-O e5 8. Be3
c6 9. d5 Ng4 10. Bg5 f6 11. Bh4 c5 12. Ne1 h5 13. Nd3 Nh6 14. h3 Nf7 15. Rb1
Nb4 16. Ne1 Bh6 17. a3 Na6 18. Nd3 Nc7 19. b4 b6 20. a4 a5 21. bxc5 bxc5 22.
Bg3 Qe7 23. Rb6 f5 24. exf5 Bxf5 25. Re1 Ne8 26. Bf1 h4 27. Bh2 Nf6 28. f4 e4
29. Nf2 Rae8 30. Ng4 Bg7  1/2-1/2

[Event "2. BUNDESLIGA MITTE 2018/2019"]
[Site "Grieskirchen, Friedberg/Sauwald, St. Veit, Deutschlandsberg"]
[Date "2018.11.24"]
[Round "4"]
[Board "3"]
[White "Kravanja, Georg"]
[Black "Csonka, Attila"]
[Result "1/2-1/2"]
[WhiteElo "2284"]
[BlackElo "2375"]
[PlyCount "297"]
[EventDate "2018.10.19"]
[EventType "team"]
[EventRounds "11"]
[EventCountry "AUT"]
[WhiteTeam "Schachfreunde Graz"]
[BlackTeam "SPG Fuerstenfeld/Hartberg"]

1. d4 Nf6 2. c4 e6 3. g3 d5 4. Bg2 Be7 5. Nf3 O-O 6. O-O Nbd7 7. cxd5 exd5 8.
Nc3 c6 9. a3 a5 10. Bf4 Re8 11. Rc1 Nf8 12. Re1 Bd6 13. Bxd6 Qxd6 14. Na4 Bg4
15. Qc2 Bxf3 16. Bxf3 Ne6 17. e3 Re7 18. Bg2 Ng5 19. Nc5 Nge4 20. Qb3 Nxc5 21.
Rxc5 h5 22. Qc3 a4 23. Ra5 Rxa5 24. Qxa5 b5 25. Rc1 Kh7 26. Qc3 Rc7 27. Bf1 Ne8
28. Bd3+ g6 29. e4 dxe4 30. Bxe4 Nf6 31. Bf3 Ng4 32. Qc5 Qxc5 33. Rxc5 Rd7 34.
h3 Nf6 35. Bxc6 Rxd4 36. Rxb5 Ne4 37. Rb4 Rd1+ 38. Kg2 Nc5 39. Bxa4 Rd2 40. Bb5
f5 41. Bc6 Kh6 42. Kg1 Rd1+ 43. Kg2 Nd3 44. Rb6 Rd2 45. a4 Rxf2+ 46. Kg1 Re2
47. a5 h4 48. gxh4 Re1+ 49. Kg2 Kh5 50. Bb5 Nf4+ 51. Kf2 Ra1 52. Kg3 Nd5 53.
Rd6 f4+ 54. Kg2 Nc7 55. Be2+ Kh6 56. a6 Ra2 57. h5 f3+ 58. Kxf3 Kxh5 59. Rc6
Nxa6 60. Rxa6 Rxb2 61. Bd3 Rb3 62. Rd6 Kh4 63. Rd8 Rb6 64. Rh8+ Kg5 65. h4+ Kf6
66. Be4 Kg7 67. Ra8 Kh6 68. Kg4 Re6 69. Bf3 Rb6 70. Re8 Ra6 71. Be4 Rb6 72. Rc8
Re6 73. Kf4 Rf6+ 74. Ke5 Rf1 75. Rc7 Rf8 76. Re7 Rf1 77. Re8 Kg7 78. Re6 Rg1
79. Kf4 Kh6 80. Bf3 Kg7 81. Rd6 Re1 82. Bg4 Ra1 83. Bf3 Re1 84. Kg3 Re5 85. Kg4
Re1 86. Rd5 Kh6 87. Rg5 Re6 88. Kf4 Rf6+ 89. Ke3 Re6+ 90. Be4 Rf6 91. Kd4 Ra6
92. Ke5 Ra5+ 93. Kf6 Ra6+ 94. Kf7 Ra7+ 95. Kf8 Ra6 96. Re5 Rf6+ 97. Kg8 Rf4 98.
Re6 Kh5 99. Bxg6+ Kxh4 100. Kg7 Kg4 101. Re5 Rb4 102. Kh6 Kf4 103. Rf5+ Ke3
104. Kg5 Rb2 105. Bh5 Rf2 106. Ra5 Rf8 107. Bg6 Rf1 108. Bf5 Rg1+ 109. Kf6 Rg8
110. Bg6 Kd4 111. Bf7 Rg1 112. Ra4+ Kc3 113. Ke5 Rg5+ 114. Kd6 Kd3 115. Bd5 Rg1
116. Be4+ Ke3 117. Ke5 Rg5+ 118. Bf5 Rg8 119. Ra3+ Kd2 120. Be4 Re8+ 121. Kd4
Rd8+ 122. Bd5 Kc2 123. Ra2+ Kb1 124. Rg2 Kc1 125. Kc4 Rd7 126. Be6 Rd6 127. Bg8
Kd1 128. Kc3 Rh6 129. Bc4 Rh3+ 130. Bd3 Ke1 131. Re2+ Kd1 132. Rf2 Re3 133.
Rf1+ Re1 134. Rf2 Re8 135. Ba6 Re3+ 136. Kd4 Ra3 137. Bd3 Kc1 138. Rg2 Ra8 139.
Rg1+ Kd2 140. Rg2+ Kc1 141. Rf2 Ra7 142. Bb5 Ra3 143. Bc4 Rh3 144. Bd3 Rh8 145.
Kc3 Rc8+ 146. Bc4 Rd8 147. Ra2 Kb1 148. Ra7 Rc8 149. Re7  1/2-1/2

[Event "2. BUNDESLIGA MITTE 2018/2019"]
[Site "Grieskirchen, Friedberg/Sauwald, St. Veit, Deutschlandsberg"]
[Date "2018.11.24"]
[Round "4"]
[Board "4"]
[White "Kuba, Guenter"]
[Black "Jusic, Zdenko"]
[Result "1-0"]
[WhiteElo "2329"]
[BlackElo "2259"]
[PlyCount "61"]
[EventDate "2018.10.19"]
[EventType "team"]
[EventRounds "11"]
[EventCountry "AUT"]
[WhiteTeam "SPG Fuerstenfeld/Hartberg"]
[BlackTeam "Schachfreunde Graz"]

1. e4 d6 2. d4 Nf6 3. Nc3 e5 4. Nf3 exd4 5. Qxd4 a6 6. Bg5 Nc6 7. Qd2 h6 8. Be3
Be6 9. O-O-O b5 10. Nd4 Nxd4 11. Bxd4 Be7 12. g3 c5 13. Bxf6 Bxf6 14. Nd5 Bxd5
15. Qxd5 O-O 16. f4 Qa5 17. g4 Qa4 18. h4 Bd4 19. Rh3 b4 20. g5 Rab8 21. Bc4
Qd7 22. Rg3 Kh8 23. gxh6 g6 24. h5 gxh5 25. Qg5 f5 26. Qg7+ Qxg7 27. hxg7+ Kh7
28. gxf8=Q Rxf8 29. exf5 Kh6 30. Rg6+ Kh7 31. Be6  1-0

[Event "2. BUNDESLIGA MITTE 2018/2019"]
[Site "Grieskirchen, Friedberg/Sauwald, St. Veit, Deutschlandsberg"]
[Date "2018.11.24"]
[Round "4"]
[Board "5"]
[White "Teuschler, Barbara"]
[Black "Spindelboeck, Gernot"]
[Result "1-0"]
[WhiteElo "2203"]
[BlackElo "2205"]
[PlyCount "67"]
[EventDate "2018.10.19"]
[EventType "team"]
[EventRounds "11"]
[EventCountry "AUT"]
[WhiteTeam "Schachfreunde Graz"]
[BlackTeam "SPG Fuerstenfeld/Hartberg"]

1. e4 e6 2. d4 d5 3. Nc3 Bb4 4. e5 c5 5. a3 Bxc3+ 6. bxc3 Qa5 7. Bd2 Qa4 8. Qg4
Kf8 9. Qd1 b6 10. Nf3 Ne7 11. Be3 Nd7 12. Bd3 Ba6 13. O-O Bxd3 14. Qxd3 c4 15.
Qe2 h6 16. h4 Ke8 17. h5 Kd8 18. Ra2 Kc7 19. Nh4 Rag8 20. Qf3 Rf8 21. Qg4 Rhg8
22. Qh3 Kc8 23. f4 f5 24. exf6 Rxf6 25. f5 exf5 26. Nxf5 Nxf5 27. Rxf5 Rxf5 28.
Qxf5 Qb5 29. Ra1 Rf8 30. Qg6 Kc7 31. Bf2 Qb2 32. Re1 Qxa3 33. Bg3+ Kd8 34. Qc6
 1-0

[Event "2. BUNDESLIGA MITTE 2018/2019"]
[Site "Grieskirchen, Friedberg/Sauwald, St. Veit, Deutschlandsberg"]
[Date "2018.11.24"]
[Round "4"]
[Board "6"]
[White "Posch, Siegfried"]
[Black "Kastner, Walter"]
[Result "1-0"]
[WhiteElo "1910"]
[BlackElo "2214"]
[PlyCount "115"]
[EventDate "2018.10.19"]
[EventType "team"]
[EventRounds "11"]
[EventCountry "AUT"]
[WhiteTeam "SPG Fuerstenfeld/Hartberg"]
[BlackTeam "Schachfreunde Graz"]

1. c4 Nf6 2. Nf3 e6 3. g3 d5 4. cxd5 exd5 5. Bg2 Be7 6. d4 O-O 7. O-O c6 8. Nc3
Nbd7 9. Qc2 Re8 10. Bg5 Ne4 11. Bf4 Ng5 12. Nxd5 Ne6 13. Nxe7+ Qxe7 14. Bd2 Qd6
15. Bc3 b6 16. Rfd1 Bb7 17. e4 Rad8 18. e5 Qb8 19. Nd2 c5 20. d5 Nd4 21. Bxd4
cxd4 22. f4 Qa8 23. Nb3 Bxd5 24. Bxd5 Qxd5 25. Rxd4 Qf3 26. Rad1 Rc8 27. Qd3
Qxd3 28. R4xd3 Nc5 29. Nxc5 Rxc5 30. Rd7 Rc2 31. R1d2 Rxd2 32. Rxd2 h5 33. Kf2
Kf8 34. Rc2 Rd8 35. Ke3 Rd7 36. f5 Ke7 37. Ke4 Rd1 38. Rc7+ Ke8 39. Rxa7 Rd2
40. b3 Rxh2 41. Rb7 Rxa2 42. Rxb6 Re2+ 43. Kf4 Rf2+ 44. Kg5 Rg2 45. Kxh5 Rxg3
46. Kh4 Rg1 47. b4 Ke7 48. Rb7+ Ke8 49. b5 Re1 50. f6 gxf6 51. exf6 Rg1 52.
Re7+ Kf8 53. b6 Rb1 54. b7 Rb4+ 55. Kg3 Rb3+ 56. Kf4 Rb6 57. Ke5 Rb1 58. Rc7
 1-0

[Event "2. BUNDESLIGA MITTE 2018/2019"]
[Site "Grieskirchen, Friedberg/Sauwald, St. Veit, Deutschlandsberg"]
[Date "2018.11.24"]
[Round "4"]
[Board "1"]
[White "Pilaj, Herwig"]
[Black "Schachinger, Mario"]
[Result "1/2-1/2"]
[WhiteElo "2336"]
[BlackElo "2396"]
[PlyCount "151"]
[EventDate "2018.10.19"]
[EventType "team"]
[EventRounds "11"]
[EventCountry "AUT"]
[WhiteTeam "SC Die Klagenfurter"]
[BlackTeam "Frauental"]

1. e4 c5 2. Nf3 e6 3. d3 d5 4. Nbd2 Nc6 5. g3 Nge7 6. Bg2 d4 7. a4 e5 8. Nc4 f6
9. Nfd2 Be6 10. Nb3 Nc8 11. Bh3 Bf7 12. Bd2 b6 13. f4 Nd6 14. fxe5 Nxc4 15. e6
Bg6 16. dxc4 Bxe4 17. O-O Ne5 18. Qe2 Bc6 19. Rae1 Bd6 20. Qh5+ g6 21. Qh6 Qe7
22. Bf4 Nxc4 23. Bxd6 Nxd6 24. a5 O-O-O 25. Qf4 f5 26. axb6 axb6 27. Nd2 Rhe8
28. b4 Qc7 29. bxc5 bxc5 30. Re5 Qa7 31. Nb3 Ne4 32. Ra1 Qb6 33. e7 Rd7 34.
Rxe4 Bxe4 35. Qxe4 fxe4 36. Ra8+ Qb8 37. Rxb8+ Kxb8 38. Bxd7 Rxe7 39. Nxc5 Kc7
40. Bg4 Kd6 41. Nb3 Kd5 42. Be2 Rc7 43. Bd1 Kc4 44. Nd2+ Kd5 45. Kf1 d3 46.
cxd3 exd3 47. Nf3 Ke4 48. Ke1 Ke3 49. Nd2 Re7 50. Nf1+ Kd4+ 51. Kf2 Kc3 52. h4
Ra7 53. Bf3 Ra1 54. h5 gxh5 55. Bxh5 d2 56. Ne3 Re1 57. Be2 Kb2 58. Bd1 Kc1 59.
Bf3 Kb2 60. Be2 Kc3 61. Nd1+ Kd4 62. Ne3 Rc1 63. Bd1 Rc7 64. Bf3 Rf7 65. Nd1
Re7 66. Be2 Re8 67. Bh5 Re5 68. Bf3 Re6 69. Bg4 Re7 70. Bf3 Kd3 71. Nb2+ Kc3
72. Nd1+ Kc2 73. Ne3+ Kc1 74. Nd1 Rf7 75. Ne3 Re7 76. Nd1  1/2-1/2

[Event "2. BUNDESLIGA MITTE 2018/2019"]
[Site "Grieskirchen, Friedberg/Sauwald, St. Veit, Deutschlandsberg"]
[Date "2018.11.24"]
[Round "4"]
[Board "2"]
[White "Cigan, Stefan"]
[Black "Wertjanz, David"]
[Result "1-0"]
[WhiteElo "2318"]
[BlackElo "2311"]
[PlyCount "81"]
[EventDate "2018.10.19"]
[EventType "team"]
[EventRounds "11"]
[EventCountry "AUT"]
[WhiteTeam "Frauental"]
[BlackTeam "SC Die Klagenfurter"]

1. e4 c5 2. Nf3 d6 3. d4 cxd4 4. Nxd4 Nf6 5. Nc3 Nc6 6. Bg5 e6 7. Qd2 a6 8.
O-O-O Bd7 9. f3 Rc8 10. Kb1 Be7 11. h4 b5 12. Nxc6 Bxc6 13. Bd3 O-O 14. g4 Bb7
15. Ne2 Nd7 16. Qe3 Ne5 17. Nd4 Rc5 18. Bxe7 Qxe7 19. g5 d5 20. Nb3 Rc7 21.
exd5 Nxd3 22. Rxd3 Bxd5 23. Re1 Qd6 24. f4 Rfc8 25. Nd4 Qb4 26. h5 Bc4 27. Rd2
Rc5 28. a3 Qa4 29. b3 Qxa3 30. bxc4 Qb4+ 31. Nb3 Rxc4 32. Red1 Qf8 33. Qb6 R4c7
34. Rd7 Rxd7 35. Rxd7 Qe8 36. Qd6 h6 37. Nd4 Kh7 38. Rxf7 hxg5 39. Nxe6 Rc6 40.
Qd3+ Kh8 41. Rf8+  1-0

[Event "2. BUNDESLIGA MITTE 2018/2019"]
[Site "Grieskirchen, Friedberg/Sauwald, St. Veit, Deutschlandsberg"]
[Date "2018.11.24"]
[Round "4"]
[Board "3"]
[White "Genser, Harald"]
[Black "Steiner, Stefan"]
[Result "1/2-1/2"]
[WhiteElo "2274"]
[BlackElo "2319"]
[PlyCount "69"]
[EventDate "2018.10.19"]
[EventType "team"]
[EventRounds "11"]
[EventCountry "AUT"]
[WhiteTeam "SC Die Klagenfurter"]
[BlackTeam "Frauental"]

1. d4 Nf6 2. Bf4 d5 3. e3 c5 4. c3 Nc6 5. Nd2 Bf5 6. Qb3 Qb6 7. dxc5 Qxb3 8.
axb3 e5 9. Bg3 Bxc5 10. Ngf3 Nd7 11. b4 Bd6 12. Nd4 Ne7 13. Bb5 Bb8 14. Nxf5
Nxf5 15. e4 dxe4 16. Nc4 Nxg3 17. hxg3 Bc7 18. Ke2 a6 19. Bxd7+ Kxd7 20. g4 Ke6
21. Nd2 e3 22. Kxe3 Rad8 23. Ke2 f6 24. Nc4 Rd7 25. Rad1 Rxd1 26. Rxd1 Rd8 27.
Rh1 Rh8 28. Rh3 g6 29. Rh1 h6 30. Ra1 Rh7 31. Na5 Bb6 32. Nc4 Bc7 33. Na5 Bb6
34. Nc4 Bc7 35. Na5  1/2-1/2

[Event "2. BUNDESLIGA MITTE 2018/2019"]
[Site "Grieskirchen, Friedberg/Sauwald, St. Veit, Deutschlandsberg"]
[Date "2018.11.24"]
[Round "4"]
[Board "4"]
[White "Ebner, Hubert"]
[Black "Reichmann, Egon"]
[Result "1-0"]
[WhiteElo "2243"]
[BlackElo "2215"]
[PlyCount "39"]
[EventDate "2018.10.19"]
[EventType "team"]
[EventRounds "11"]
[EventCountry "AUT"]
[WhiteTeam "Frauental"]
[BlackTeam "SC Die Klagenfurter"]

1. d4 d5 2. c4 e6 3. Nf3 c6 4. Nbd2 f5 5. g3 Bd6 6. Bg2 Nf6 7. O-O O-O 8. Ne5
Bxe5 9. dxe5 Ne4 10. Nxe4 fxe4 11. f3 exf3 12. exf3 d4 13. f4 c5 14. Be4 Qc7
15. Qh5 g6 16. Qg4 Nc6 17. h4 Qg7 18. b3 Bd7 19. Ba3 b6 20. Bxc6  1-0

[Event "2. BUNDESLIGA MITTE 2018/2019"]
[Site "Grieskirchen, Friedberg/Sauwald, St. Veit, Deutschlandsberg"]
[Date "2018.11.24"]
[Round "4"]
[Board "6"]
[White "Khalakhan, Jurij"]
[Black "Jakits, Leopold"]
[Result "1/2-1/2"]
[WhiteElo "2279"]
[BlackElo "2175"]
[PlyCount "111"]
[EventDate "2018.10.19"]
[EventType "team"]
[EventRounds "11"]
[EventCountry "AUT"]
[WhiteTeam "Frauental"]
[BlackTeam "SC Die Klagenfurter"]

1. e4 c6 2. d4 d5 3. exd5 cxd5 4. c4 Nf6 5. Nc3 Nc6 6. Nf3 Bg4 7. cxd5 Nxd5 8.
Qb3 Bxf3 9. gxf3 e6 10. Qxb7 Nxd4 11. Bb5+ Nxb5 12. Qc6+ Ke7 13. Qxb5 Qd7 14.
Qxd7+ Kxd7 15. Nxd5 exd5 16. Bf4 Ke6 17. O-O-O Bb4 18. a3 Rac8+ 19. Kb1 Ba5 20.
b4 Bb6 21. Rhe1+ Kf5 22. Bg3 d4 23. Be5 Rhe8 24. Bxg7 Rxe1 25. Rxe1 Rc3 26. Rd1
Rxa3 27. Bxd4 Rxf3 28. Bxb6 axb6 29. Rd5+ Kg4 30. Rd6 Rb3+ 31. Kc1 Rxb4 32. Rh6
Rf4 33. Rxh7 Rxf2 34. Rg7+ Kh3 35. Rh7+ Kg4 36. Rg7+ Kh4 37. Rh7+ Kg5 38. Kd1
f5 39. Ke1 Rb2 40. h4+ Kg4 41. h5 Kf3 42. h6 Rb1+ 43. Kd2 Rh1 44. Rh8 f4 45. h7
Rh6 46. Kc3 Rc6+ 47. Kb4 Rc7 48. Kb5 Rf7 49. Kxb6 Kf2 50. Kc5 f3 51. Kd6 Ra7
52. Ke6 Ke2 53. Kd6 Rxh7 54. Rxh7 f2 55. Rh2 Ke1 56. Rxf2  1/2-1/2